Biện pháp quản lý hệ thống phương tiện dạy học ở trường trung học phổ thông thành phố Đà Nẵng...

Cơ sở lý luận của công tác quản lý hệ thống PTDH trong trường THPT...Biện pháp quản lý hệ thống PTDH của hiệu trưởng trường THPT thành phố Đà Nẵng...

সংরক্ষণ করুন:
গ্রন্থ-পঞ্জীর বিবরন
প্রধান লেখক: Lê Trung Chinh
অন্যান্য লেখক: Vũ Trọng Rỹ hướng dẫn (PGS.TS)
বিন্যাস: গ্রন্থ
ভাষা:Vietnamese
প্রকাশিত: Đà Nẵng Đại học Đà Nẵng 2005
বিষয়গুলি:
ট্যাগগুলো: ট্যাগ যুক্ত করুন
কোনো ট্যাগ নেই, প্রথমজন হিসাবে ট্যাগ করুন!
Thư viện lưu trữ: Mạng thư viện Đại học Đà Nẵng
LEADER 01339nam a2200313 4500
001 000010762
003 6977
005 20111220101231.0
008 111220s2005 viesd
041 |a vie 
072 |a Luận văn thạc sĩ giáo dục học 
082 |a 373.1  |b LE-C 
100 1 |a Lê Trung Chinh 
245 1 |a Biện pháp quản lý hệ thống phương tiện dạy học ở trường trung học phổ thông thành phố Đà Nẵng...  |c Lê Trung Chinh 
260 |a Đà Nẵng  |b Đại học Đà Nẵng  |c 2005 
300 |a 84 tr  |c 29 cm  |e Bản tóm tắt 
500 |a Luận văn thạc sĩ giáo dục học: Chuyên ngành:Quản lý giáo dục. Mã số: 60.14.05 
520 |a Cơ sở lý luận của công tác quản lý hệ thống PTDH trong trường THPT...Biện pháp quản lý hệ thống PTDH của hiệu trưởng trường THPT thành phố Đà Nẵng... 
653 |a Luận văn thạc sĩ giáo dục học  |a Biện pháp quản lý 
653 |a Hệ thống phương tiện dạy học 
700 |a Vũ Trọng Rỹ  |c hướng dẫn  |e PGS.TS 
OWN |a LSP 
999 |a From the UDN01 
TYP |a Monograph 
TYP |a Printed language 
980 |a Mạng thư viện Đại học Đà Nẵng